<?xml version="1.0" encoding="UTF-8"?>
<record
    xmlns:xsi="http://www.w3.org/2001/XMLSchema-instance"
    xsi:schemaLocation="http://www.loc.gov/MARC21/slim http://www.loc.gov/standards/marcxml/schema/MARC21slim.xsd"
    xmlns="http://www.loc.gov/MARC21/slim">

  <leader>02142cam a2200421 a 4500</leader>
  <controlfield tag="001">15286382</controlfield>
  <controlfield tag="005">20220326193314.0</controlfield>
  <controlfield tag="008">080418s2007    pn ab    b    000 0 spa d</controlfield>
  <datafield tag="010" ind1=" " ind2=" ">
    <subfield code="a">  2008421115</subfield>
  </datafield>
  <datafield tag="020" ind1=" " ind2=" ">
    <subfield code="a">9962881145</subfield>
  </datafield>
  <datafield tag="020" ind1=" " ind2=" ">
    <subfield code="a">9789962881148</subfield>
  </datafield>
  <datafield tag="035" ind1=" " ind2=" ">
    <subfield code="a">(OCoLC)ocn247140702</subfield>
  </datafield>
  <datafield tag="040" ind1=" " ind2=" ">
    <subfield code="a">TJC</subfield>
    <subfield code="c">TJC</subfield>
    <subfield code="d">DLC</subfield>
  </datafield>
  <datafield tag="041" ind1="0" ind2=" ">
    <subfield code="a">spa</subfield>
    <subfield code="a">eng</subfield>
  </datafield>
  <datafield tag="042" ind1=" " ind2=" ">
    <subfield code="a">lccopycat</subfield>
  </datafield>
  <datafield tag="043" ind1=" " ind2=" ">
    <subfield code="a">ncpn---</subfield>
  </datafield>
  <datafield tag="082" ind1=" " ind2=" ">
    <subfield code="a">919.972.87</subfield>
    <subfield code="b">P 314p</subfield>
  </datafield>
  <datafield tag="110" ind1=" " ind2=" ">
    <subfield code="a">Programa de Patrimonio Cultural en Panama:Vicente Luis Garcia Sanz</subfield>
    <subfield code="9">2246</subfield>
  </datafield>
  <datafield tag="245" ind1="0" ind2="0">
    <subfield code="a">Panam&#xE1; Viejo :</subfield>
    <subfield code="b">de la aldea a la urbe = Panam&#xE1; Viejo : from village to city /</subfield>
    <subfield code="c">[coordinaci&#xF3;n editorial por el Patronato Panam&#xE1; Viejo ; concepto de la publicaci&#xF3;n y edici&#xF3;n, Walo Ara&#xFA;jo].</subfield>
  </datafield>
  <datafield tag="246" ind1="3" ind2="0">
    <subfield code="a">De la aldea a la urbe</subfield>
  </datafield>
  <datafield tag="246" ind1="3" ind2="0">
    <subfield code="a">From village to city</subfield>
  </datafield>
  <datafield tag="260" ind1=" " ind2=" ">
    <subfield code="a">Ciudad de Panam&#xE1; :</subfield>
    <subfield code="b">Embajada de Espa&#xF1;a en Panam&#xE1; :</subfield>
    <subfield code="b">Patronato Panam&#xE1; Viejo,</subfield>
    <subfield code="c">c2007.</subfield>
  </datafield>
  <datafield tag="300" ind1=" " ind2=" ">
    <subfield code="a">118, [2] p. :</subfield>
    <subfield code="b">col. ill., col. maps ;</subfield>
    <subfield code="c">28 cm.</subfield>
  </datafield>
  <datafield tag="500" ind1=" " ind2=" ">
    <subfield code="a">"Esta publicaci&#xF3;n se realiza en el marco del Programa de Patrimonio Cultural en Panam&#xE1; de la Agencia Espa&#xF1;ola de Cooperaci&#xF3;n Internacional, en colaboraci&#xF3;n con el Patronato Panam&#xE1; Viejo"--P. facing t.p.</subfield>
  </datafield>
  <datafield tag="504" ind1=" " ind2=" ">
    <subfield code="a">Includes bibliographical references (p. 118-[119]).</subfield>
  </datafield>
  <datafield tag="546" ind1=" " ind2=" ">
    <subfield code="a">Spanish and English in parallel texts.</subfield>
  </datafield>
  <datafield tag="650" ind1=" " ind2="0">
    <subfield code="a">Historic sites</subfield>
    <subfield code="x">Conservation and restoration</subfield>
    <subfield code="x">Panama viejo</subfield>
    <subfield code="x">Panama viejo-trabajo pictorico</subfield>
    <subfield code="x">Panama-historia</subfield>
    <subfield code="x">Edificios Historicos-conservacion y restauracion</subfield>
    <subfield code="z">Panama</subfield>
    <subfield code="z">Panama.</subfield>
    <subfield code="9">2247</subfield>
  </datafield>
  <datafield tag="650" ind1=" " ind2="0">
    <subfield code="a">Historic buildings</subfield>
    <subfield code="x">Conservation and restoration</subfield>
    <subfield code="z">Panama</subfield>
    <subfield code="z">Panama.</subfield>
    <subfield code="9">2248</subfield>
  </datafield>
  <datafield tag="651" ind1=" " ind2="0">
    <subfield code="a">Panam&#xE1; Viejo Site (Panama, Panama)</subfield>
    <subfield code="9">2249</subfield>
  </datafield>
  <datafield tag="651" ind1=" " ind2="0">
    <subfield code="a">Panam&#xE1; Viejo Site (Panama, Panama)</subfield>
    <subfield code="v">Pictorial works.</subfield>
    <subfield code="9">2250</subfield>
  </datafield>
  <datafield tag="651" ind1=" " ind2="0">
    <subfield code="a">Panama (Panama)</subfield>
    <subfield code="x">History.</subfield>
    <subfield code="9">2251</subfield>
  </datafield>
  <datafield tag="651" ind1=" " ind2="0">
    <subfield code="a">Panama (Panama)</subfield>
    <subfield code="x">Antiquities.</subfield>
    <subfield code="9">2252</subfield>
  </datafield>
  <datafield tag="700" ind1="1" ind2=" ">
    <subfield code="a">Ara&#xFA;jo, Walo.</subfield>
    <subfield code="9">2253</subfield>
  </datafield>
  <datafield tag="710" ind1="2" ind2=" ">
    <subfield code="a">Patronato Panam&#xE1; Viejo.</subfield>
    <subfield code="9">2254</subfield>
  </datafield>
  <datafield tag="710" ind1="2" ind2=" ">
    <subfield code="a">Programa de Patrimonio de la Cooperaci&#xF3;n Espa&#xF1;ola.</subfield>
    <subfield code="9">2255</subfield>
  </datafield>
  <datafield tag="906" ind1=" " ind2=" ">
    <subfield code="a">7</subfield>
    <subfield code="b">cbc</subfield>
    <subfield code="c">copycat</subfield>
    <subfield code="d">2</subfield>
    <subfield code="e">ncip</subfield>
    <subfield code="f">20</subfield>
    <subfield code="g">y-gencatlg</subfield>
  </datafield>
  <datafield tag="999" ind1=" " ind2=" ">
    <subfield code="c">471</subfield>
    <subfield code="d">471</subfield>
  </datafield>
  <datafield tag="952" ind1=" " ind2=" ">
    <subfield code="0">0</subfield>
    <subfield code="1">0</subfield>
    <subfield code="2">ddc</subfield>
    <subfield code="4">0</subfield>
    <subfield code="7">0</subfield>
    <subfield code="a">LV</subfield>
    <subfield code="b">LV</subfield>
    <subfield code="c">Pensamiento</subfield>
    <subfield code="d">2015-03-20</subfield>
    <subfield code="l">0</subfield>
    <subfield code="o">919.972.87 P 314p</subfield>
    <subfield code="p">000394</subfield>
    <subfield code="r">2015-03-20 00:00:00</subfield>
    <subfield code="w">2015-03-20</subfield>
    <subfield code="y">01</subfield>
  </datafield>
</record>
